Créatures de The Island, ARK Survival Evolved - Statistiques

Statistiques générales
  • Ce quiz a été pris 143 fois
  • Le résultat moyen est 56 sur 118
Statistiques - réponses
Réponse % Correct
T-Rex
97%
Raptor
90%
Mégalodon
80%
Parasaure
80%
Carnotaure
78%
Tricératops
78%
Argentavis
77%
Mosasaure
77%
Quetzal
76%
Ptéranodon
72%
Diplodocus
71%
Stégosaure
71%
Dodo
70%
Giganotosaure
70%
Brontosaure
69%
T-Rex Alpha
69%
Loup Sinistre
67%
Allosaure
66%
Raptor Alpha
66%
Raptor Tek
64%
Spinosaure
64%
Dilophosaure
63%
Mammouth
63%
Sarcosuchus
63%
Titanoboa
63%
T-Rex Tek
63%
Ankylosaure
62%
Compy
62%
Carnotaure Alpha
61%
Parasaure Tek
61%
Yutyrannus
61%
Smilodon
60%
Tapejara
60%
Titanosaure
60%
Ours Sinistre
59%
Aranéo
58%
Thylacoleo
57%
Mosasaure Alpha
56%
Plésiosaure
54%
Stégosaure Tek
54%
Tusoteuthis
54%
Baryonyx
53%
Kaprosuchus
52%
Piranha
51%
Saumon
49%
Thérizinosaure
49%
Méganeura
48%
Trilobite
48%
Troodon
48%
Dimorphodon
47%
Ichtyornis
47%
Pelagornis
47%
Quetzal Tek
47%
Rhinocéros laineux
47%
Achatina
46%
Basilosaure
46%
Mégalodon Alpha
46%
Carbonemys
44%
Sangsue
44%
Abeille géante
43%
Coelacanthe
43%
Ichtyosaure
43%
Arthropleura
42%
Iguanodon
42%
Loutre
42%
Microraptor
42%
Pachycéphalosaure
42%
Lystrosaure
41%
Paraceratherium
41%
Doedicurus
40%
Dunkleosteus
40%
Onyc
40%
Phiomia
40%
Dimétrodon
39%
Manta
39%
Megalania
39%
Mégalocéros
39%
Mégathérium
39%
Moschops
39%
Gigantopithèque
38%
Kentrosaure
38%
Pachyrhinosaure
38%
Pegomastax
38%
Tusoteuthis Alpha
38%
Equus
37%
Oviraptor
36%
Ammonite
34%
Cnidaria
34%
Diplocaulus
34%
Electrophorus
34%
Licorne
34%
Mégalosaure
34%
Beelzebufo
33%
Bousier
33%
Liopleurodon
33%
Ovis
33%
Yéti
33%
Archaeopteryx
32%
Pulmonoscorpius
32%
Baudroie abyssale
31%
Castoroide
31%
Gallimimus
31%
Oiseau-Terreur
31%
Purlovia
31%
Daeodon
29%
Hyène
28%
Kairuku
28%
Hesperornis
27%
Chalicotherium
26%
Leedsichtys
26%
Euryptéride
24%
Rhyniognatha
22%
Leedsichtys Alpha
20%
Procoptodon
18%
Légionnaire Titanomyrma
17%
Ouvrière Titanomyrma
14%
Reine Abeille Géante
9%
Mésopthèque
8%
Aucun quiz correspondant
Distribution des résultats
% des personnes avec chaque résultat
Percentile par nombre de réponses
Votre historique - résultats
Vous n’avez pas pris ce quiz